00985nam a22002777a 450000500170000001000130001702000220003003500130005203700160006504000120008108200150009310000220010824501230013026000350025327000460028830000200033465000200035465000280037465000400040265000450044270000200048770000180050794200290052599900190055495201340057320170124105909.0 aA-950845 a8120314301c29.00 aA-950845 bCen Lib/Ret aDPLbEN a616.995061 aCroften, Sir John aGuidlines for the management of drug- resistants tuberclosis /cby Sir John Croften, Pierre Chaulet [and] Dermot Mahar aNew DelhibPrentice Hallc1998 aM-97, Connaught circusbNew Delhie110001 a47p.c24cm(pbk) aDrug Management aTuberclosis - Treatment a ड्रग प्रबंधन aक्षय रोग - उपचार aChaulet, Pierre aMaher, Dermot 2ddccENh616.990561mCRO c122414d122414 001040718REFaLbLd2015-05-22eCen LIb/Retg29.00l0o616.995061 CROpA-950845r2015-05-22 00:00:00t1v29.00w2016-09-15yEN